All Incorporated Municipalities of Bristol County, Massachusetts - Statistics

General Stats
  • This quiz has been taken 6 times
  • The average score is 11 of 20
Answer Stats
Answer % Correct
Fall River
100%
New Bedford
100%
Attleboro
83%
Mansfield
83%
North Attleborough (CITY)
67%
Swansea
67%
Taunton
67%
Berkley
50%
Dighton
50%
Easton
50%
Norton
50%
Raynham
50%
Rehoboth
50%
Seekonk
50%
Acushnet
33%
Dartmouth
33%
Fairhaven
33%
Freetown
33%
Somerset
33%
Westport
33%
No matching quizzes found
Score Distribution
Percent of People with Each Score
Percentile by Number Answered
Your Score History
You have not taken this quiz